Ríos, utopías y movimientos sociales : reviviendo flujos de vida en Colombia y España /

Detalles Bibliográficos
Autor principal: Duarte Abadía, Bibiana (Autor)
Formato: Electrónico eBook
Lenguaje:español
Publicado: Quito, Ecuador : Wageningen, The Netherlands : Abya Yala ; Justicia Hídrica, 2022.
Edición:Primera edición.
Colección:Serie Agua y sociedad ; Sección Justicia Hídrica. 29
Materias:
Acceso en línea:Digitalia Hispánica

MARC

LEADER 00000nam a2200000Ii 4500
001 DIGABYALA0415
003 NyNyDIG
006 m o d
007 cr |||||||||||
008 240904s2022 ec ob 000 0 spa d
035 |a (OCoLC)1454785445 
040 |a DGITA  |b eng  |e rda  |e pn  |c DGITA 
020 |a 9789942097712  |q digital 
020 |z 9789942097682  |q impreso 
043 |a s-ck---  |a e-sp--- 
050 1 4 |a HD1696.C7 ebook 
050 1 4 |a HD1697.S7 ebook 
100 1 |a Duarte Abadía, Bibiana,  |e author. 
245 1 0 |a Ríos, utopías y movimientos sociales :  |b reviviendo flujos de vida en Colombia y España /  |c Bibiana Duarte-Abadía. 
250 |a Primera edición. 
264 1 |a Quito, Ecuador :  |b Abya Yala ;  |a Wageningen, The Netherlands :  |b Justicia Hídrica,  |c 2022. 
300 |a 1 online resource. 
336 |a text  |b txt  |2 rdacontent 
337 |a computer  |b c  |2 rdamedia 
338 |a online resource  |b cr  |2 rdacarrier 
347 |a text file  |2 rdaft 
347 |b PDF 
490 1 |a Serie Agua y sociedad ;  |v 29. Sección Justicia Hídrica. 
504 |a Includes bibliographical references. 
588 0 |a Online resource; title from PDF title page (Digitalia, viewed September 4, 2024) 
650 0 |a Water resources development  |x Government policy  |z Colombia. 
650 0 |a Water resources development  |x Government policy  |z Spain. 
650 0 |a Water resources development  |x Social aspects  |z Colombia. 
650 0 |a Water resources development  |x Social aspects  |z Spain. 
650 0 |a Social movements  |z Colombia. 
650 0 |a Social movements  |z Spain. 
791 2 |a Digitalia (Firm),  |e distributor. 
793 0 |g Digitalia eBook Collection:  |a Ediciones Abya-Yala 
776 0 8 |i Print version:  |a Duarte Abadía, Bibiana.  |t Ríos, utopías y movimientos sociales.  |b Primera edición.  |d Quito, Ecuador : Abya Yala ; Wageningen, The Netherlands : Justicia Hídrica, 2022  |z 9789942097682 
830 0 |a Serie Agua y sociedad ;  |v 29  |p Sección Justicia Hídrica. 
856 4 0 |3 Digitalia Hispánica  |u https://www.digitaliapublishing.com/a/157104/ 
910 |a Premium collection: 2024